000 01294cam a2200337 a 4500
001 15388035
003 US-DLC
005 20171206050728.0
008 080730s2010 mauab b 001 0 eng
010 _a 2008934211
020 _a9780495569336 (pbk.)
020 _a049556933X (pbk.)
040 _aDLC
_cDLC
043 _an-us---
050 0 0 _aKF8719
_b.N48 2010
082 _a340.142 NEU
100 1 _aNeubauer, David W.
245 1 0 _aJudicial process :
_blaw, courts, and politics in the United States /
_cDavid W. Neubauer, Stephen S. Meinhold.
250 _a5th ed.
260 _aBoston, MA :
_bWadsworth Cengage Learning,
_cc2010.
300 _axxv, 547 p. :
_bill., maps ;
_c24 cm.
504 _aIncludes bibliographical references (p. 507-513) and indexes.
650 0 _aCourts
_zUnited States.
650 0 _aProcedure (Law)
_zUnited States.
650 0 _aJustice, Administration of
_zUnited States
_xPolitical aspects.
700 1 _aMeinhold, Stephen Scott,
_d1968-
906 _a7
_bcbc
_corigcop
_d2
_encip
_f20
_gy-gencatlg
942 _2ddc
_cBK
999 _c38786
_d38786